Ramon llull journal of applied ethics (Record no. 2130)
[ view plain ]
| 000 -CABECERA | |
|---|---|
| campo de control de longitud fija | 01054nam a2200361Ia 4500 |
| 001 - NÚMERO DE CONTROL | |
| campo de control | 2217 |
| 008 - DATOS DE LONGITUD FIJA--INFORMACIÓN GENERAL | |
| campo de control de longitud fija | 230305s2013 xx 000 0 und d |
| 020 ## - NÚMERO INTERNACIONAL ESTÁNDAR DEL LIBRO | |
| Número Internacional Estándar del Libro | 9772013839007 |
| 041 ## - CÓDIGO DE LENGUA | |
| Código de lengua del texto/banda sonora o título independiente | eng |
| 245 #0 - MENCIÓN DE TÍTULO | |
| Título | Ramon llull journal of applied ethics |
| 260 ## - PUBLICACIÓN, DISTRIBUCIÓN, ETC. | |
| Lugar de publicación, distribución, etc. | |
| Nombre del editor, distribuidor, etc. | Herder, |
| Fecha de publicación, distribución, etc. | 2013 |
| 300 ## - DESCRIPCIÓN FÍSICA | |
| Extensión | 249 p. ; 22cm |
| 700 ## - ENTRADA AGREGADA--NOMBRE PERSONAL | |
| Nombre de persona | Lecaros, Juan Alberto, |
| Término indicativo de función/relación | Author |
| 700 ## - ENTRADA AGREGADA--NOMBRE PERSONAL | |
| Nombre de persona | Bustinduy Amador, Pablo, |
| Término indicativo de función/relación | Author |
| 700 ## - ENTRADA AGREGADA--NOMBRE PERSONAL | |
| Nombre de persona | Márquez Zamohano, Antonio, |
| Término indicativo de función/relación | Author |
| 700 ## - ENTRADA AGREGADA--NOMBRE PERSONAL | |
| Nombre de persona | Arjona, César, |
| Término indicativo de función/relación | Author |
| 700 ## - ENTRADA AGREGADA--NOMBRE PERSONAL | |
| Nombre de persona | Bosch, Magdalena, |
| Término indicativo de función/relación | Author |
| 700 ## - ENTRADA AGREGADA--NOMBRE PERSONAL | |
| Nombre de persona | Torralba, Francesc, |
| Término indicativo de función/relación | Author |
| 700 ## - ENTRADA AGREGADA--NOMBRE PERSONAL | |
| Nombre de persona | Gràcia, Carla, |
| Término indicativo de función/relación | Author |
| 700 ## - ENTRADA AGREGADA--NOMBRE PERSONAL | |
| Nombre de persona | Calvo Cabezas, Patrici, |
| Término indicativo de función/relación | Author |
| 700 ## - ENTRADA AGREGADA--NOMBRE PERSONAL | |
| Nombre de persona | Buch Ros, Roger, |
| Término indicativo de función/relación | Author |
| 700 ## - ENTRADA AGREGADA--NOMBRE PERSONAL | |
| Nombre de persona | Cegarra Dueñas, Blanca, |
| Término indicativo de función/relación | Author |
| 700 ## - ENTRADA AGREGADA--NOMBRE PERSONAL | |
| Nombre de persona | Comas López, Núria, |
| Término indicativo de función/relación | Author |
| 700 ## - ENTRADA AGREGADA--NOMBRE PERSONAL | |
| Nombre de persona | Gallego Salazar, Daniela, |
| Término indicativo de función/relación | Author |
| 700 ## - ENTRADA AGREGADA--NOMBRE PERSONAL | |
| Nombre de persona | Mària, Josep F., |
| Término indicativo de función/relación | Author |
| 700 ## - ENTRADA AGREGADA--NOMBRE PERSONAL | |
| Nombre de persona | Murillo, David, |
| Término indicativo de función/relación | Author |
| 902 ## - ELEMENTOS DE DATOS B LOCAL, LDB (RLIN) | |
| a | 0 |
| 905 ## - ELEMENTOS DE DATOS E LOCAL, LDE (RLIN) | |
| a | m |
| 912 ## - | |
| -- | 2013-01-01 |
| 942 ## - ELEMENTOS DE ENTRADA AGREGADA (KOHA) | |
| Código de la institución [OBSOLETO] | 1 |
| 953 ## - | |
| -- | 2018-05-28 15:43:47 |
No items available.

